000 01307nam a2200397 i 4500
001 40027
003 KOSZ 005
005 20220927121933.0
008 010122s2001 pl f f |001 0 pol
015 _aPB 2001/1492
020 _a8371104073
040 _aWA N
_cWA N
_dKOSZ 005/HR
041 0 _apol
046 _k2001
080 _a347.91/.95(438)
080 _a(075.8)
100 1 _aZieliński, Andrzej
_d(1939-2018)
_eAutor
245 1 0 _aPostępowanie cywilne :
_bkompendium /
_cAndrzej Zieliński.
250 _aWyd. 4 uaktual. i uzup., stan prawny na dzień 30.11.2000 r.
260 _aWarszawa :
_bC. H. Beck,
_c2001.
300 _aXXIV, 338 s. ;
_c24 cm.
336 _2rdacontent
_aTekst
_btxt
337 _2rdamedia
_aBez urządzenia pośredniczącego
_bn
338 _2rdacarrier
_aWolumin
_bnc
380 _aKsiążki
388 _a2001-
490 1 _aSkrypty Becka.
504 _aBibliogr. przy rozdz. - Indeks.
650 4 _aPostępowanie cywilne
655 4 _aPodręczniki akademickie
658 _aPrawo i wymiar sprawiedliwości
710 2 _aWydawnictwo C.H. Beck
_4pbl.
830 0 _aSkrypty Becka
856 _uhttp://koha.tu.koszalin.pl/cgi-bin/koha/opac-detail.pl?biblionumber=40027
_yKatalog online BPK
942 _2UKD
_cKS
999 _c40027
_d40027